Entrepreneurial Development Potential... (Record no. 6224)

MARC details
000 -LEADER
fixed length control field 00318nam a2200121Ia 4500
008 - FIXED-LENGTH DATA ELEMENTS--GENERAL INFORMATION
fixed length control field 191201s2013 xx 000 0 und d
100 ## - MAIN ENTRY--PERSONAL NAME
Personal name DESAI,Vasant
245 #0 - TITLE STATEMENT
Title Entrepreneurial Development Potential...
260 ## - PUBLICATION, DISTRIBUTION, ETC. (IMPRINT)
Place of publication, distribution, etc N. delhi
Name of publisher, distributor, etc Himalaya Publication House
Date of publication, distribution, etc 2013
300 ## - PHYSICAL DESCRIPTION
Extent 555
650 ## - SUBJECT ADDED ENTRY--TOPICAL TERM
Topical term or geographic name as entry element MBA
942 ## - ADDED ENTRY ELEMENTS (KOHA)
Source of classification or shelving scheme Dewey Decimal Classification
Koha item type Text Books
942 ## - ADDED ENTRY ELEMENTS (KOHA)
-- 1
Holdings
Withdrawn status Lost status Source of classification or shelving scheme Damaged status Not for loan Collection code Home library Current library Date acquired Source of acquisition Cost, normal purchase price Bill Number Total Checkouts Acc. no. / Barcode Checked out Date last seen Date last borrowed Actual Cost, discounted price Bill Date Koha item type Full call number
    Dewey Decimal Classification     MBA PIET C-LIBRARY PIET C-LIBRARY 02/09/2015 KIRTI PRAKASHAN, NEW DELHI 505.00 IN2170 2 25335 11/07/2024 13/01/2024 13/01/2024 378.75 04/02/2015 Text Books  
    Dewey Decimal Classification     MBA PIET C-LIBRARY PIET C-LIBRARY 02/09/2015 KIRTI PRAKASHAN, NEW DELHI 505.00 IN2170 1 25336   01/07/2022 17/06/2022 378.75 04/02/2015 Text Books 658.421 DEE
    Dewey Decimal Classification     MBA PIET C-LIBRARY PIET C-LIBRARY 02/09/2015 KIRTI PRAKASHAN, NEW DELHI 505.00 IN2170 2 25337 11/07/2024 13/01/2024 13/01/2024 378.75 04/02/2015 Text Books  
    Dewey Decimal Classification     MBA PIET C-LIBRARY PIET C-LIBRARY 02/09/2015 KIRTI PRAKASHAN, NEW DELHI 505.00 IN2170   25338   04/12/2019   378.75 04/02/2015 Text Books 658.421 DEE

Design & Developed by: PIET Central Library
R70 Miles Stone Pattikalyana Samalkha Panipat 132102
mail ID :- [email protected], Phone No:- 0180-2569700 Ex.216